Score 0/20 Timer 05:00
0 Plays Today
Movie Missing Word % Correct
I Wanna _____ Your HandHold
96.7%
Grand _____ AutoTheft
95.7%
_____ With WolvesDances
93.3%
Terms of _____Endearment
92.8%
The _____ Without a FaceMan
92%
The _____ ReaperGrim
91.3%
Who's _____ of Virginia WoolfAfraid
89.8%
Who's That _____ At My DoorKnocking
88.1%
Ordinary _____People
86.2%
_____ BeautyAmerican
82.6%
Movie Missing Word % Correct
_____ Can WaitHeaven
81.4%
Sex, Lies and _____Videotape
77%
A _____ Grows in BrooklynTree
73.5%
_____ Misty For MePlay
68.8%
What's Up, _____ Lily?Tiger
51.8%
Shallow _____Grave
32.3%
_____ TasteBad
28%
Cabin in the _____Sky
14.7%
The _____-UpSet
5.8%
Pushing _____Hands
4.7%

Today's Daily Dose

Missing Word
I Hardly Know Her!

Word Ladder
Sentence Ending

Quick Pick
Female Firsts

Get the Picture
Triathlon Sports

Remove Ads.
Support Sporcle.
Get the best of Sporcle when you Go Orange. This ad-free experience offers more features, more stats, and more fun while also helping to support Sporcle. Thank you for becoming a member.

You're not logged in!

Compare scores with friends on all Sporcle quizzes.
OR
Log In

Show Comments

Extras

Top Quizzes Today


Score Distribution

Your Account Isn't Verified!

In order to create a playlist on Sporcle, you need to verify the email address you used during registration. Go to your Sporcle Settings to finish the process.

Report this User

Report this user for behavior that violates our Community Guidelines.

Details: